[Event "Hedmark & Oppland Region-ch"]
[Site "Hamar"]
[Date "2011.04.03"]
[Round "4"]
[White "Kittilsen, Sigurd"]
[Black "Rodvik, Trym Daniel"]
[Result "0-1"]
[WhiteElo "1411"]
[BlackElo "1749"]
[PlyCount "56"]
[EventDate "2011.04.02"]
[EventType "swiss"]
[EventRounds "5"]
[EventCountry "NOR"]
[SourceTitle "EXT 2024"]
[Source "ChessBase"]
[SourceDate "2023.10.10"]
[SourceVersion "1"]
[SourceVersionDate "2023.10.10"]
[SourceQuality "1"]

1. e4 e5 2. Nf3 Nc6 3. Nc3 Nf6 4. Bc4 Nxe4 5. Nxe4 d5 6. Bd3 dxe4 7. Bxe4 Bd6 8. 0-0 0-0 9. Re1 Nd4 10. c3 Nxf3+ 11. Qxf3 c6 12. d3 f5 13. Bxc6 bxc6 14. Qxc6 Rb8 15. Qa4 a5 16. Qc4+ Kh8 17. a3 e4 18. dxe4 fxe4 19. Qxe4 Bb7 20. Qd4 Qc7 21. Qh4 Qc6 22. Qg4 Rf6 23. f3 Rg6 24. Qh3 Bc5+ 25. Be3 Bxe3+ 26. Rxe3 Qb6 27. Rae1 Re8 28. Qf5 Rge6 0-1

[Event "Hedmark & Oppland Region-ch"]
[Site "Hamar"]
[Date "2011.04.02"]
[Round "1"]
[White "Kittilsen, Sigurd"]
[Black "Rygg, Snorre"]
[Result "0-1"]
[WhiteElo "1411"]
[BlackElo "1275"]
[PlyCount "58"]
[EventDate "2011.04.02"]
[EventType "swiss"]
[EventRounds "5"]
[EventCountry "NOR"]
[SourceTitle "EXT 2024"]
[Source "ChessBase"]
[SourceDate "2023.10.10"]
[SourceVersion "1"]
[SourceVersionDate "2023.10.10"]
[SourceQuality "1"]

1. e4 c6 2. d4 d5 3. Nc3 Nf6 4. e5 Nfd7 5. f4 Nb6 6. Bd3 N8d7 7. e6 Nf6 8. exf7+ Kxf7 9. f5 e6 10. fxe6+ Bxe6 11. Nf3 Bd6 12. Ng5+ Ke7 13. Nxh7 Rxh7 14. Bxh7 Nxh7 15. Qh5 Nf6 16. Bg5 Qe8 17. Qh4 Qg6 18. 0-0-0 Kd7 19. Bxf6 Qxf6 20. Qxf6 gxf6 21. Rdf1 Rf8 22. h4 Bg4 23. h5 f5 24. Kd2 Nc4+ 25. Kd3 Nxb2+ 26. Kd2 Nc4+ 27. Kd3 b5 28. Ne2 Re8 29. Rf2 Re3# 0-1

[Event "Hamar CC-ch"]
[Site "Hamar"]
[Date "2011.02.24"]
[Round "4"]
[White "Nilsen, Thomas"]
[Black "Kittilsen, Sigurd"]
[Result "1/2-1/2"]
[WhiteElo "1590"]
[BlackElo "1411"]
[PlyCount "125"]
[EventDate "2011.01.06"]
[EventType "swiss"]
[EventRounds "9"]
[EventCountry "NOR"]
[SourceTitle "EXT 2024"]
[Source "ChessBase"]
[SourceDate "2023.10.10"]
[SourceVersion "1"]
[SourceVersionDate "2023.10.10"]
[SourceQuality "1"]

1. d4 d5 2. c4 c6 3. Nc3 Nf6 4. Nf3 e6 5. Bg5 Nbd7 6. e3 Be7 7. Bd3 dxc4 8. Bxc4 b5 9. Bd3 Bb7 10. 0-0 a6 11. Rc1 Rc8 12. Re1 c5 13. Bb1 Bxf3 14. Qxf3 cxd4 15. exd4 0-0 16. Rcd1 b4 17. Ne4 Qa5 18. Qd3 g6 19. Bd2 Nxe4 20. Qxe4 Nf6 21. Qf3 Nd5 22. a3 Rfd8 23. Be4 Qb6 24. Qb3 a5 25. Bxd5 Rxd5 26. Be3 Qd6 27. axb4 Qxb4 28. Qxb4 Bxb4 29. Rc1 Rcd8 30. Rf1 Be7 31. Rc7 Bf6 32. Ra7 Bxd4 33. Bxd4 Rxd4 34. Rxa5 Rb4 35. Rb1 Rxb2 36. Rf1 Rbd2 37. g3 Rd1 38. Rxd1 Rxd1+ 39. Kg2 Kg7 40. Ra7 Rd5 41. Rb7 h5 42. h4 Kf6 43. f4 e5 44. fxe5+ Rxe5 45. Rb8 Kf5 46. Rb4 g5 47. hxg5 Kxg5 48. Rb8 Kg4 49. Rg8+ Rg5 50. Ra8 Rd5 51. Rg8+ Kf5 52. Kf3 Rd3+ 53. Kf2 Rd4 54. Kf3 Rd3+ 55. Kf2 f6 56. Ke2 Rc3 57. Kf2 Ke6 58. Rh8 Rc5 59. Kf3 Rf5+ 60. Ke3 Rg5 61. Kf4 Kf7 62. Ra8 Rg4+ 63. Kf3 1/2-1/2

[Event "Hamar op A"]
[Site "Hamar"]
[Date "2010.12.02"]
[Round "7"]
[White "Kittilsen, Sigurd"]
[Black "Nilsen, Thomas"]
[Result "0-1"]
[WhiteElo "1383"]
[BlackElo "1565"]
[PlyCount "86"]
[EventDate "2010.09.09"]
[EventType "swiss"]
[EventRounds "7"]
[EventCountry "NOR"]
[SourceTitle "EXT 2024"]
[Source "ChessBase"]
[SourceDate "2023.10.10"]
[SourceVersion "1"]
[SourceVersionDate "2023.10.10"]
[SourceQuality "1"]

1. e4 c6 2. d4 d5 3. Nc3 dxe4 4. Nxe4 Bf5 5. Ng3 Bg6 6. Nf3 Nd7 7. Bd3 Bxd3 8. Qxd3 e6 9. Bf4 Ngf6 10. 0-0 Be7 11. Rfd1 0-0 12. Ne5 Qb6 13. Nxd7 Nxd7 14. a3 Rfd8 15. Ne2 Rac8 16. b4 a5 17. c3 Bf6 18. Qg3 Qb5 19. Re1 b6 20. Rac1 c5 21. dxc5 bxc5 22. Bc7 Re8 23. Bxa5 e5 24. c4 Qa6 25. Qd3 Nb8 26. Ng3 Nc6 27. Ne4 Nxa5 28. bxa5 Be7 29. Nc3 f6 30. Nd5 Bd8 31. f4 Bxa5 32. Re3 exf4 33. Rh3 g6 34. Rf1 Bc7 35. Nxf4 Bxf4 36. Rxf4 Rcd8 37. Qc3 Kg7 38. Rd3 Qe6 39. Rxd8 Rxd8 40. Rf1 Rd4 41. Rc1 Re4 42. h3 Re2 43. Qa5 Qe3+ 0-1

[Event "Hamar op A"]
[Site "Hamar"]
[Date "2010.11.18"]
[Round "6"]
[White "Frydendal, Odd"]
[Black "Kittilsen, Sigurd"]
[Result "0-1"]
[WhiteElo "1381"]
[BlackElo "1383"]
[PlyCount "88"]
[EventDate "2010.09.09"]
[EventType "swiss"]
[EventRounds "7"]
[EventCountry "NOR"]
[SourceTitle "EXT 2024"]
[Source "ChessBase"]
[SourceDate "2023.10.10"]
[SourceVersion "1"]
[SourceVersionDate "2023.10.10"]
[SourceQuality "1"]

1. b4 e5 2. Bb2 Bxb4 3. Bxe5 Nf6 4. e3 Nc6 5. Bb2 0-0 6. Nf3 d6 7. Be2 Re8 8. 0-0 Ne5 9. c4 Bg4 10. a3 Ba5 11. d4 Bxf3 12. Bxf3 Nxc4 13. Bc3 Bxc3 14. Nxc3 d5 15. Qe2 c6 16. Qc2 Qd7 17. Rfd1 Nd6 18. Rac1 Nde4 19. Na4 Rac8 20. Bxe4 Nxe4 21. f3 Nf6 22. Nc5 Qe7 23. Re1 b6 24. Nd3 Qxa3 25. Ra1 Qe7 26. Ne5 c5 27. Qa4 Rc7 28. Ra3 Qd6 29. Rea1 Nd7 30. Nxd7 Rxd7 31. Qb3 Ree7 32. dxc5 Qxc5 33. Qd3 g6 34. Rc3 Qd6 35. Rca3 Rc7 36. Ra4 Qc5 37. Rd4 Qc3 38. Rd1 Qxd3 39. R4xd3 Rc5 40. Ra3 a5 41. Rd2 Ra7 42. Rda2 Rac7 43. h4 Rc1+ 44. Kh2 R1c3 0-1